000 00459pab a2200169 454500
008 180718b1962 xxu||||| |||| 00| 0 eng d
100 _aPrasad, Parmanand
245 _aThe expansion of the Bokaro Thermal Plant (Case Study)
260 _c1962
300 _ap.348-372.
362 _aJul-Sep
650 _aBokaro Thermal Plant
650 _aThermal power stations
773 _aIndian Journal of Public Administration
908 _aN
909 _a100430
999 _c100429
_d100429